Priciples of field crop production
Uloženo v:
| Hlavní autor: | |
|---|---|
| Médium: | Kniha |
| Jazyk: | Undetermined |
| Vydáno: |
New Jersey
Pearson Prentice Hall
2006
|
| Témata: | |
| Tagy: |
Přidat tag
Žádné tagy, Buďte první, kdo otaguje tento záznam!
|
| Thư viện lưu trữ: | Trung tâm Học liệu Trường Đại học Cần Thơ |
|---|
| LEADER | 00567nam a2200205Ia 4500 | ||
|---|---|---|---|
| 001 | CTU_117874 | ||
| 008 | 210402s9999 xx 000 0 und d | ||
| 020 | |c 66.53 | ||
| 082 | |a 633 | ||
| 082 | |b M379 | ||
| 100 | |a Martin John H. | ||
| 245 | 0 | |a Priciples of field crop production | |
| 245 | 0 | |c John H. Martin, Richard P. Waldren, David L. Stamp | |
| 260 | |a New Jersey | ||
| 260 | |b Pearson Prentice Hall | ||
| 260 | |c 2006 | ||
| 650 | |a field crops | ||
| 650 | |z united states | ||
| 904 | |i Tuyến | ||
| 980 | |a Trung tâm Học liệu Trường Đại học Cần Thơ | ||